| 000 | 00375nam a2200145Ia 4500 | ||
|---|---|---|---|
| 008 | 220530s9999 xx 000 0 und d | ||
| 041 | _aeng | ||
| 082 |
_a300 _bSHA |
||
| 100 |
_aShabbir S _954863 |
||
| 245 | _aA New Look Into Social Science | ||
| 260 |
_bS Chand and Company _c2010 |
||
| 300 | _bPB | ||
| 700 |
_a Dwadashiwar Jaya Sheikh A M _954864 |
||
| 906 |
_a22.5 _bALIED |
||
| 999 |
_c50106 _d50106 |
||